Statistics for Pitcairn Islands Quiz

Click here to take the quiz!

General Stats

  • This quiz has been taken 112 times
  • The average score is 14 of 24

Answer Stats

HintAnswer% Correct
In which ocean do they lie?Pacific Ocean
95%
To which country do they belong?United Kingdom
95%
How many islands?Four
94%
Languages spokenEnglish
91%
Name themPitcairn
87%
How many airports?0
83%
CapitalAdamstown
67%
Three nearest countriesChile
61%
MonarchElizabeth II
61%
Kiribati
61%
Samoa
60%
Famous ship associated with the islandsHMS Bounty
59%
Pitkern
57%
How many people? (exactly)49
56%
Henderson
49%
Internet domain.pn
48%
How many accommodations?12
41%
CurrencyNew Zealand Dollar
39%
Ducie
37%
Oeno
33%
Where the islands' administrative headquarters are locatedAuckland, New Zealand
24%
DemonymPitcairn Islander
24%
In 1838, it was the first "country" to introduce.....Women's Suffrage
22%
The only road on the islandsThe Hill of Difficulty
16%

Score Distribution

Percentile by Number Answered

Percent of People with Each Score

Your Score History

You have not taken this quiz